000 01144cam a2200325 a 4500
001 2592570
003 OSt
005 20240625102555.0
008 960725s1996 enka b 001 0 eng d
010 _a 96218411
020 _a0340662395
020 _a0470236132 (N.Y.)
035 _a(OCoLC)35144460
040 _aMUST LIBRARY
_cMUST
_dMUST
042 _alccopycat
050 0 4 _aQA274.8
_b.B86 1996
082 0 0 _a519.8
_221
_bBUN
100 1 _aBunday, Brian D.
_917755
245 1 3 _aAn introduction to queueing theory /
_cBrian D. Bunday.
246 3 _aQueueing theory
260 _aLondon :
_bArnold ;
_aNew York :
_bHalsted Press,
_c1996.
300 _avii, 205 p. :
_bill. ;
_c25 cm.
504 _aIncludes bibliographical references and index.
650 0 _aQueuing theory.
_917756
856 4 2 _3Publisher description
_uhttp://www.loc.gov/catdir/enhancements/fy0636/96218411-d.html
856 4 1 _3Table of contents only
_uhttp://www.loc.gov/catdir/enhancements/fy0636/96218411-t.html
906 _a7
_bcbc
_ccopycat
_d2
_encip
_f19
_gy-gencatlg
942 _2ddc
_cO_SHELF
999 _c8785
_d8785